000 00649nam a2200229Ia 4500
003 OSt
005 20221007081906.0
006 a|||||r|||| 00| 0
007 ta
008 221006b |||||||| |||| 00| 0 eng d
024 _a27,927
037 _cReports / Technical Reports
040 _aFLL
_cFLL
_beng
041 _2eng
_aeng
082 _aZ73:2:6g, J0
100 _aSimpson Laurence P.
_9698239
245 0 _aLaw of suretyship
260 _aSt Paul
_bWest Publishing Co. Minn.
_c1950
300 _axiv,569p
_ccm.
942 _hZ73:2:6g, J0
_cREP
_2CC
999 _c1164612
_d1164612